Statistics for 「北」を含む市区町村

Click here to take the quiz!

General Stats

  • This quiz has been taken 34 times
  • The average score is 24 of 36

Answer Stats

HintAnswer% Correct
北海道北広島市
100%
東京都北区
83%
和歌山県北山村
83%
北海道北見市
79%
広島県北広島町
79%
岩手県北上市
79%
秋田県北秋田市
79%
茨城県北茨城市
79%
北海道北斗市
76%
愛知県北名古屋市
76%
山梨県北杜市
72%
奈良県上北山村
72%
奈良県下北山村
72%
三重県紀北町
72%
沖縄県北大東村
72%
石川県川北町
69%
秋田県仙北市
69%
愛媛県鬼北町
66%
沖縄県北中城村
66%
沖縄県北谷町
66%
神奈川県山北町
62%
埼玉県北本市
62%
福岡県北九州市
62%
長野県北相木村
59%
熊本県苓北町
59%
熊本県芦北町
59%
岐阜県北方町
55%
徳島県北島町
52%
高知県北川村
52%
佐賀県江北町
52%
青森県東北町
48%
山形県河北町
48%
福島県北塩原村
48%
北海道北竜町
48%
長野県筑北村
45%
鳥取県北栄町
45%

Score Distribution

Percentile by Number Answered

Percent of People with Each Score

Your Score History

You have not taken this quiz